[Event "Tradewise Gibraltar Masters 16th"]
[Site "Gibraltar"]
[Date "2018.01.25"]
[Round "3.51"]
[White "Renman, Nils-Gustaf"]
[Black "Harikrishna, Pentala"]
[Result "0-1"]
[WhiteElo "2350"]
[BlackElo "2745"]
[PlyCount "104"]
[EventDate "2018.01.23"]
[EventType "swiss"]
[EventRounds "10"]
[EventCountry "GGB"]
[SourceTitle "BritBase"]
[Source "www.saund.co.uk"]
[SourceDate "2018.02.10"]
[SourceVersion "1"]
[SourceVersionDate "2018.02.10"]
[SourceQuality "1"]

1. d4 Nf6 2. Nf3 g6 3. c4 c5 4. Nc3 cxd4 5. Nxd4 Nc6 6. e4 d6 7. Be2 Nxd4 8.
Qxd4 Bg7 9. Bg5 Qa5 10. Qd2 Be6 11. Rc1 O-O 12. O-O a6 13. Rfd1 Rfc8 14. b3 Kf8
15. Bf3 Rab8 16. Nd5 Qxd2 17. Bxd2 Ng8 18. Be3 Bxd5 19. cxd5 Bh6 20. Bxh6+ Nxh6
21. h4 f5 22. exf5 gxf5 23. g3 Nf7 24. Be2 Kg7 25. f4 Kf6 26. Kf2 a5 27. a3 Ra8
28. Re1 Rc5 29. Rxc5 dxc5 30. Bh5 Ra6 31. Bxf7 Kxf7 32. Rc1 b6 33. a4 e6 34.
dxe6+ Kxe6 35. Ke3 Ra7 36. Kd3 Rg7 37. Re1+ Kf6 38. Re3 Re7 39. Rxe7 Kxe7 40.
Kc4 Kd6 41. h5 Kc6 42. h6 b5+ 43. axb5+ Kb6 44. Kd3 Kxb5 45. Kc3 Kb6 46. Kd3
Kc7 47. Kd2 Kc6 48. Kc2 Kd5 49. Kd3 c4+ 50. bxc4+ Kc5 51. g4 fxg4 52. f5 Kd6
0-1

[Event "Tradewise Gibraltar Masters 16th"]
[Site "Gibraltar"]
[Date "2018.01.25"]
[Round "3.52"]
[White "Gara, Anita"]
[Black "Vitiugov, Nikita"]
[Result "0-1"]
[WhiteElo "2350"]
[BlackElo "2732"]
[PlyCount "98"]
[EventDate "2018.01.23"]
[EventType "swiss"]
[EventRounds "10"]
[EventCountry "GGB"]
[SourceTitle "BritBase"]
[Source "www.saund.co.uk"]
[SourceDate "2018.02.10"]
[SourceVersion "1"]
[SourceVersionDate "2018.02.10"]
[SourceQuality "1"]

1. e4 c5 2. c3 Nf6 3. e5 Nd5 4. Nf3 Nc6 5. Bc4 Nb6 6. Bb3 c4 7. Bc2 d5 8. exd6
Qxd6 9. O-O Bg4 10. h3 Bh5 11. Re1 O-O-O 12. Be4 e6 13. b3 f5 14. Bc2 g6 15.
bxc4 e5 16. d3 Bg7 17. Qe2 Nd7 18. Rd1 Rhe8 19. Bg5 Bf6 20. Bxf6 Qxf6 21. Nbd2
g5 22. Qf1 g4 23. hxg4 Bxg4 24. Re1 Rg8 25. g3 e4 26. dxe4 Nde5 27. Nd4 Nxd4
28. cxd4 Rxd4 29. Nb3 Nf3+ 30. Kg2 Qh6 31. Qh1 Nxe1+ 32. Rxe1 Qxh1+ 33. Rxh1
Rxc4 34. Bb1 fxe4 35. Nd2 Rb4 36. Nxe4 Rf8 37. Rc1+ Kb8 38. Nd2 Rd4 39. Nf1
Bf3+ 40. Kg1 h5 41. Re1 Bc6 42. Bc2 h4 43. Bb3 hxg3 44. Nxg3 a5 45. Re2 a4 46.
Bc2 Re8 47. Rxe8+ Bxe8 48. Nf1 Rb4 49. Bf5 Bf7 0-1

[Event "Tradewise Gibraltar Masters 16th"]
[Site "Gibraltar"]
[Date "2018.01.25"]
[Round "3.54"]
[White "Jessel, Stephen"]
[Black "Cheparinov, Ivan"]
[Result "0-1"]
[WhiteElo "2342"]
[BlackElo "2699"]
[PlyCount "128"]
[EventDate "2018.01.23"]
[EventType "swiss"]
[EventRounds "10"]
[EventCountry "GGB"]
[SourceTitle "BritBase"]
[Source "www.saund.co.uk"]
[SourceDate "2018.02.10"]
[SourceVersion "1"]
[SourceVersionDate "2018.02.10"]
[SourceQuality "1"]

1. Nf3 Nf6 2. c4 g6 3. b3 Bg7 4. Bb2 O-O 5. g3 d6 6. Bg2 e5 7. O-O Re8 8. Nc3
c6 9. Rc1 e4 10. Nd4 Na6 11. d3 e3 12. fxe3 Rxe3 13. Nc2 Re8 14. e3 h5 15. Qf3
Bg4 16. Qf4 Qe7 17. Na4 Nh7 18. Bxg7 Kxg7 19. h3 Bd7 20. Kh2 Ng5 21. Rf2 Ne6
22. Qf3 f5 23. Rcf1 h4 24. gxh4 Qxh4 25. Qg3 Qxg3+ 26. Kxg3 Nac5 27. Nb2 Ng5
28. h4 Nf7 29. d4 Ne4+ 30. Bxe4 Rxe4 31. Rf4 Nh6 32. Nd3 Ng4 33. Rxe4 fxe4 34.
Nde1 Nf6 35. Ng2 Nh5+ 36. Kh2 Rh8 37. Nce1 a5 38. a3 Bg4 39. Rf2 Bd1 40. b4
axb4 41. axb4 Ra8 42. Rd2 Bb3 43. d5 cxd5 44. Rxd5 Bxc4 45. Rxd6 b5 46. Rd2 Kf6
47. Rd6+ Kf7 48. Rd2 Ra3 49. Rb2 Rc3 50. Nc2 Nf6 51. Kg3 Nd5 52. Kf2 Rd3 53.
Nce1 Rd1 54. Kg3 Kg7 55. Kf2 Kf6 56. Kg3 Ke5 57. Kf2 Rc1 58. Kg3 Nxe3 59. Nxe3
Rxe1 60. Ng4+ Kd4 61. Rf2 e3 62. Rf4+ Kc3 63. Rf3 Rg1+ 64. Kf4 Rxg4+ 0-1

[Event "Tradewise Gibraltar Masters 16th"]
[Site "Gibraltar"]
[Date "2018.01.25"]
[Round "3.55"]
[White "Lombaers, Peter"]
[Black "Dubov, Daniil"]
[Result "0-1"]
[WhiteElo "2345"]
[BlackElo "2694"]
[PlyCount "62"]
[EventDate "2018.01.23"]
[EventType "swiss"]
[EventRounds "10"]
[EventCountry "GGB"]
[SourceTitle "BritBase"]
[Source "www.saund.co.uk"]
[SourceDate "2018.02.10"]
[SourceVersion "1"]
[SourceVersionDate "2018.02.10"]
[SourceQuality "1"]

1. c4 g6 2. g3 c5 3. Bg2 Bg7 4. Nc3 Nc6 5. a3 e6 6. Rb1 Nge7 7. b4 d6 8. Nf3
O-O 9. O-O b6 10. Qb3 Bb7 11. d3 Rb8 12. Bb2 Nd4 13. Nxd4 cxd4 14. Nb5 Bxg2 15.
Kxg2 Nc6 16. a4 Qd7 17. Na3 e5 18. Nc2 h5 19. h4 Ne7 20. e4 Kh8 21. Bc1 f5 22.
Bg5 f4 23. Ne1 fxg3 24. fxg3 Rxf1 25. Kxf1 Qh3+ 26. Kg1 Qxg3+ 27. Ng2 Ng8 28.
Rf1 Nh6 29. Bxh6 Bxh6 30. Kh1 Bf4 31. Nxf4 Qxh4+ 0-1

[Event "Tradewise Gibraltar Masters 16th"]
[Site "Gibraltar"]
[Date "2018.01.25"]
[Round "3.56"]
[White "Anton Guijarro, David"]
[Black "Bellin, Robert"]
[Result "1-0"]
[WhiteElo "2666"]
[BlackElo "2343"]
[PlyCount "43"]
[EventDate "2018.01.23"]
[EventType "swiss"]
[EventRounds "10"]
[EventCountry "GGB"]
[SourceTitle "BritBase"]
[Source "www.saund.co.uk"]
[SourceDate "2018.02.10"]
[SourceVersion "1"]
[SourceVersionDate "2018.02.10"]
[SourceQuality "1"]

1. e4 c5 2. Nf3 d6 3. Bb5+ Bd7 4. Bxd7+ Nxd7 5. O-O Ngf6 6. Re1 e6 7. d4 cxd4
8. Nxd4 Be7 9. c4 a6 10. b3 Qa5 11. Bb2 Qh5 12. Qd2 g5 13. Nc3 Ng4 14. h3 Nge5
15. Re3 Rg8 16. g4 Qg6 17. Nf5 exf5 18. exf5 Qh6 19. Nd5 Rc8 20. Qb4 Rc5 21.
Qxb7 Rxd5 22. Qa8+ 1-0

[Event "Tradewise Gibraltar Masters 16th"]
[Site "Gibraltar"]
[Date "2018.01.25"]
[Round "3.57"]
[White "Iturrizaga Bonelli, Eduardo"]
[Black "Bellon Lopez, Juan Manuel"]
[Result "1/2-1/2"]
[WhiteElo "2650"]
[BlackElo "2334"]
[PlyCount "88"]
[EventDate "2018.01.23"]
[EventType "swiss"]
[EventRounds "10"]
[EventCountry "GGB"]
[SourceTitle "BritBase"]
[Source "www.saund.co.uk"]
[SourceDate "2018.02.10"]
[SourceVersion "1"]
[SourceVersionDate "2018.02.10"]
[SourceQuality "1"]

1. c4 c5 2. g3 g6 3. Bg2 Bg7 4. Nc3 Nc6 5. Nf3 Nd4 6. O-O d6 7. Ne1 e6 8. a3
Ne7 9. b4 O-O 10. Rb1 Rb8 11. Nd3 b6 12. Qa4 Qd7 13. Qxd7 Bxd7 14. e3 Ndf5 15.
Bb2 Bc6 16. Rfc1 Rbc8 17. f3 h5 18. a4 cxb4 19. Nxb4 Bb7 20. Bf1 Nc6 21. Nxc6
Bxc6 22. Kf2 Rc7 23. Ba3 Bxc3 24. Rxc3 Rd8 25. Rb4 e5 26. Rd3 Ng7 27. Bb2 Ne6
28. Ra3 Nc5 29. a5 bxa5 30. Rxa5 f6 31. d4 Nd7 32. Rb3 Nb6 33. c5 Bd5 34. Rc3
dxc5 35. dxc5 Nd7 36. e4 Be6 37. Bc1 Nb8 38. Be3 Nc6 39. Ra6 Kf7 40. Rca3 Rb8
41. Ra1 Rb2+ 42. Kg1 Rb3 43. Kf2 Rb2+ 44. Kg1 Rb3 1/2-1/2

[Event "Tradewise Gibraltar Masters 16th"]
[Site "Gibraltar"]
[Date "2018.01.25"]
[Round "3.58"]
[White "Banusz, Tamas"]
[Black "Padmini, Rout"]
[Result "1-0"]
[WhiteElo "2641"]
[BlackElo "2325"]
[PlyCount "67"]
[EventDate "2018.01.23"]
[EventType "swiss"]
[EventRounds "10"]
[EventCountry "GGB"]
[SourceTitle "BritBase"]
[Source "www.saund.co.uk"]
[SourceDate "2018.02.10"]
[SourceVersion "1"]
[SourceVersionDate "2018.02.10"]
[SourceQuality "1"]

1. Nf3 Nf6 2. c4 e6 3. g3 d5 4. Bg2 Be7 5. d4 O-O 6. O-O dxc4 7. Qc2 a6 8. a4
Bd7 9. Qxc4 Bc6 10. Bf4 Bd6 11. Qc1 Bxf4 12. Qxf4 Qd6 13. Nbd2 Qxf4 14. gxf4 a5
15. Ne5 Bxg2 16. Kxg2 Nd5 17. e3 f6 18. Nec4 Rd8 19. Rac1 b6 20. Kf3 Na6 21.
Ne4 Kf7 22. h4 h5 23. Na3 Ne7 24. Nb5 Rd7 25. Ng3 c6 26. Na3 c5 27. Nc4 Rb8 28.
dxc5 Nxc5 29. Nxb6 Rxb6 30. Rxc5 g6 31. Rb1 Ra7 32. b3 Nd5 33. Ne2 Rc7 34. Rxa5
1-0

[Event "Tradewise Gibraltar Masters 16th"]
[Site "Gibraltar"]
[Date "2018.01.25"]
[Round "3.59"]
[White "Lopez Mulet, Inigo"]
[Black "Bosiocic, Marin"]
[Result "1/2-1/2"]
[WhiteElo "2318"]
[BlackElo "2628"]
[PlyCount "136"]
[EventDate "2018.01.23"]
[EventType "swiss"]
[EventRounds "10"]
[EventCountry "GGB"]
[SourceTitle "BritBase"]
[Source "www.saund.co.uk"]
[SourceDate "2018.02.10"]
[SourceVersion "1"]
[SourceVersionDate "2018.02.10"]
[SourceQuality "1"]

1. e4 e5 2. Nf3 Nc6 3. Bc4 Bc5 4. c3 Nf6 5. d4 exd4 6. cxd4 Bb4+ 7. Bd2 Nxe4 8.
Bxb4 Nxb4 9. Bxf7+ Kxf7 10. Qb3+ Kf8 11. Qxb4+ Qe7 12. Qxe7+ Kxe7 13. O-O Kd8
14. Re1 Nf6 15. Nc3 d6 16. Re3 h6 17. Rae1 Re8 18. d5 a5 19. b3 Bd7 20. Nd4
Rxe3 21. Rxe3 Rb8 22. a4 c6 23. h4 Rc8 24. Rg3 cxd5 25. Nce2 Ne8 26. Kf1 Ke7
27. Nf4 Rc5 28. Nd3 Rc3 29. Ke2 Kf7 30. Kd2 Rc8 31. Re3 Nf6 32. f3 g5 33. hxg5
hxg5 34. g4 Rh8 35. Re1 Rh2+ 36. Re2 Rh4 37. Kc3 Rh3 38. Kd2 Ng8 39. Nf2 Rh8
40. Re1 Ne7 41. Rh1 Rxh1 42. Nxh1 Kf6 43. Nf2 Ng6 44. Nd3 Ne5 45. Ke3 Be8 46.
Nf2 Nc6 47. Nb5 Ke7 48. Nh3 Bg6 49. Kd2 Kf6 50. Nxd6 b6 51. Nc8 Nd4 52. Nxb6
Nxf3+ 53. Ke3 Ne5 54. Nxd5+ Ke6 55. Nc7+ Kd6 56. Nb5+ Kc5 57. Nxg5 Nxg4+ 58.
Kd2 Kb4 59. Nd4 Ne5 60. Nge6 Bh7 61. Nc7 Bg8 62. Na6+ Ka3 63. Nc5 Kb4 64. Na6+
Ka3 65. Kc3 Bxb3 66. Nxb3 Kxa4 67. Nd4 Nd7 68. Nc7 Nb6 1/2-1/2

[Event "Tradewise Gibraltar Masters 16th"]
[Site "Gibraltar"]
[Date "2018.01.25"]
[Round "3.60"]
[White "Georgiev, Kiril"]
[Black "Perez Garcia, Rodney Oscar"]
[Result "1/2-1/2"]
[WhiteElo "2623"]
[BlackElo "2320"]
[PlyCount "87"]
[EventDate "2018.01.23"]
[EventType "swiss"]
[EventRounds "10"]
[EventCountry "GGB"]
[SourceTitle "BritBase"]
[Source "www.saund.co.uk"]
[SourceDate "2018.02.10"]
[SourceVersion "1"]
[SourceVersionDate "2018.02.10"]
[SourceQuality "1"]

1. Nf3 d5 2. g3 Nf6 3. Bg2 e6 4. O-O Be7 5. c4 O-O 6. d4 dxc4 7. Ne5 Nc6 8.
Bxc6 bxc6 9. Nxc6 Qe8 10. Nxe7+ Qxe7 11. Qc2 e5 12. Rd1 exd4 13. Rxd4 Re8 14.
Nc3 h6 15. Bf4 Be6 16. Rad1 Rab8 17. f3 Qc5 18. e4 Rb4 19. Qf2 Qc6 20. h4 Nd7
21. Nd5 Rb7 22. R1d2 Nb6 23. Nc3 Na4 24. g4 Nc5 25. Rd8 Nd3 26. Rxe8+ Qxe8 27.
Qh2 Qc6 28. Be3 Qd6 29. g5 hxg5 30. hxg5 Qxh2+ 31. Kxh2 a6 32. Nd1 f5 33. gxf6
gxf6 34. Bd4 Kf7 35. Ne3 Rb8 36. Bc3 Rh8+ 37. Kg2 Rh3 38. Nc2 Nf4+ 39. Kf2 Nd3+
40. Ke2 Nc1+ 41. Ke3 Nxa2 42. Ba5 c5 43. Bb6 Nc1 44. Ne1 1/2-1/2

[Event "Tradewise Gibraltar Masters 16th"]
[Site "Gibraltar"]
[Date "2018.01.25"]
[Round "3.61"]
[White "Huschenbeth, Niclas"]
[Black "Goriatchkin, Jouri"]
[Result "1-0"]
[WhiteElo "2587"]
[BlackElo "2310"]
[PlyCount "63"]
[EventDate "2018.01.23"]
[EventType "swiss"]
[EventRounds "10"]
[EventCountry "GGB"]
[SourceTitle "BritBase"]
[Source "www.saund.co.uk"]
[SourceDate "2018.02.10"]
[SourceVersion "1"]
[SourceVersionDate "2018.02.10"]
[SourceQuality "1"]

1. e4 e6 2. d4 d5 3. Nc3 Nf6 4. e5 Nfd7 5. f4 c5 6. Nf3 Nc6 7. Be3 a6 8. Qd2 b5
9. Nd1 Qb6 10. c3 b4 11. Be2 cxd4 12. cxd4 a5 13. Nf2 Ba6 14. Nd3 a4 15. Qd1
Bc4 16. O-O b3 17. axb3 Bxb3 18. Qe1 Nb4 19. Nxb4 Bxb4 20. Bd2 Rb8 21. Bd3 Bxd2
22. Qxd2 h6 23. f5 exf5 24. Bxf5 Nf8 25. e6 fxe6 26. Rae1 Rb7 27. Ne5 Qb4 28.
Qf4 Qd6 29. Bd3 Bc4 30. Bxc4 dxc4 31. Qe4 Rxb2 32. Nxc4 1-0

[Event "Tradewise Gibraltar Masters 16th"]
[Site "Gibraltar"]
[Date "2018.01.25"]
[Round "3.62"]
[White "Sandipan, Chanda"]
[Black "De Haan, Eric"]
[Result "1-0"]
[WhiteElo "2579"]
[BlackElo "2304"]
[PlyCount "33"]
[EventDate "2018.01.23"]
[EventType "swiss"]
[EventRounds "10"]
[EventCountry "GGB"]
[SourceTitle "BritBase"]
[Source "www.saund.co.uk"]
[SourceDate "2018.02.10"]
[SourceVersion "1"]
[SourceVersionDate "2018.02.10"]
[SourceQuality "1"]

1. d4 Nf6 2. c4 e6 3. Nc3 Bb4 4. e3 O-O 5. Bd2 c5 6. a3 Bxc3 7. Bxc3 Ne4 8. Ne2
d6 9. dxc5 dxc5 10. Qc2 Nxc3 11. Nxc3 Nc6 12. Bd3 f5 13. O-O-O Qh4 14. f4 b6
15. g4 Qxg4 16. Rhg1 Qh4 17. Qg2 1-0

[Event "Tradewise Gibraltar Masters 16th"]
[Site "Gibraltar"]
[Date "2018.01.25"]
[Round "3.63"]
[White "Kosteniuk, Alexandra"]
[Black "De Francesco, Klaus"]
[Result "1/2-1/2"]
[WhiteElo "2561"]
[BlackElo "2287"]
[PlyCount "90"]
[EventDate "2018.01.23"]
[EventType "swiss"]
[EventRounds "10"]
[EventCountry "GGB"]
[SourceTitle "BritBase"]
[Source "www.saund.co.uk"]
[SourceDate "2018.02.10"]
[SourceVersion "1"]
[SourceVersionDate "2018.02.10"]
[SourceQuality "1"]

1. e4 e6 2. d4 d5 3. Nd2 Nf6 4. e5 Nfd7 5. Bd3 c5 6. c3 Nc6 7. Ne2 cxd4 8. cxd4
a5 9. O-O Nb6 10. Nf3 Be7 11. Nf4 g6 12. Bb1 a4 13. Nd3 Bd7 14. Bh6 Nc4 15. Qc1
Qb6 16. Qf4 Nxb2 17. Nc5 Nxd4 18. Nxd7 Nxf3+ 19. Qxf3 Kxd7 20. Qxf7 Nc4 21. Bg7
Rhf8 22. Bxf8 Rxf8 23. Qxh7 Nd2 24. Bc2 Nxf1 25. Rxf1 Qd4 26. g3 Kd8 27. Kg2
Bc5 28. Qh4+ Qxh4 29. gxh4 Rf4 30. Kg3 Rd4 31. Bxg6 Rd2 32. Bb1 b5 33. h5 Bf8
34. f4 b4 35. f5 exf5 36. Rxf5 Ke7 37. Rf4 Rb2 38. Bg6 Bh6 39. Rf6 Rxa2 40. Bf5
Bg7 41. Re6+ Kf7 42. h6 Bh8 43. h7 Re2 44. Ra6 Bxe5+ 45. Kf3 Rxh2 1/2-1/2

[Event "Tradewise Gibraltar Masters 16th"]
[Site "Gibraltar"]
[Date "2018.01.25"]
[Round "3.64"]
[White "Michalik, Peter"]
[Black "Mannion, Stephen R"]
[Result "1-0"]
[WhiteElo "2553"]
[BlackElo "2285"]
[PlyCount "89"]
[EventDate "2018.01.23"]
[EventType "swiss"]
[EventRounds "10"]
[EventCountry "GGB"]
[SourceTitle "BritBase"]
[Source "www.saund.co.uk"]
[SourceDate "2018.02.10"]
[SourceVersion "1"]
[SourceVersionDate "2018.02.10"]
[SourceQuality "1"]

1. d4 d5 2. c4 dxc4 3. e4 Nc6 4. Nf3 Nf6 5. Nc3 Bg4 6. d5 Ne5 7. Be3 c6 8. dxc6
Qxd1+ 9. Rxd1 Nxc6 10. Bxc4 e6 11. Bb5 Bb4 12. Rc1 Bxf3 13. gxf3 Ke7 14. Bxc6
bxc6 15. Ke2 Rhc8 16. Na4 Nd7 17. Rc4 a5 18. Rd1 Ra6 19. a3 Bd6 20. Rxd6 Kxd6
21. Rd4+ Ke7 22. Rxd7+ Kxd7 23. Nc5+ Kd6 24. Nxa6 e5 25. Nc5 Rb8 26. Na4 Rb5
27. Kd3 g6 28. Kc3 f5 29. Nb6 f4 30. Nc4+ Ke6 31. Bd2 a4 32. Kd3 g5 33. Bc3 h5
34. h3 Kf6 35. Kd2 Ke6 36. Kc2 Kf6 37. Nxe5 Rxe5 38. b3 axb3+ 39. Kxb3 Ke6 40.
Bxe5 Kxe5 41. a4 g4 42. fxg4 hxg4 43. hxg4 Kxe4 44. Kc3 Kf3 45. g5 1-0

[Event "Tradewise Gibraltar Masters 16th"]
[Site "Gibraltar"]
[Date "2018.01.25"]
[Round "3.65"]
[White "Epishin, Vladimir"]
[Black "Perez, Flavio"]
[Result "1-0"]
[WhiteElo "2536"]
[BlackElo "2279"]
[PlyCount "77"]
[EventDate "2018.01.23"]
[EventType "swiss"]
[EventRounds "10"]
[EventCountry "GGB"]
[SourceTitle "BritBase"]
[Source "www.saund.co.uk"]
[SourceDate "2018.02.10"]
[SourceVersion "1"]
[SourceVersionDate "2018.02.10"]
[SourceQuality "1"]

1. d4 g6 2. e4 Bg7 3. Nf3 d6 4. c3 Nd7 5. Bd3 e5 6. O-O Ngf6 7. Re1 O-O 8. Nbd2
Re8 9. h3 Nh5 10. Nf1 Nf8 11. Bg5 Bf6 12. Be3 Ne6 13. Bc4 Nef4 14. dxe5 dxe5
15. Qxd8 Rxd8 16. Red1 Be6 17. N1d2 Nd3 18. Bxe6 fxe6 19. Rab1 Rd7 20. a4 a6
21. a5 Rad8 22. Kf1 Be7 23. Nc4 Nf6 24. Ng5 Re8 25. Ke2 Nf4+ 26. Bxf4 exf4 27.
Nxe6 Bd6 28. Nxd6 cxd6 29. Nxf4 Rxe4+ 30. Kf3 Ra4 31. Ra1 Rxa1 32. Rxa1 Rf7 33.
Nd3 Nd7+ 34. Ke3 Re7+ 35. Kd2 Nc5 36. Nxc5 dxc5 37. Re1 Rd7+ 38. Kc2 c4 39.
Re8+ 1-0

[Event "Tradewise Gibraltar Masters 16th"]
[Site "Gibraltar"]
[Date "2018.01.25"]
[Round "3.66"]
[White "Yoo, Christopher Woojin"]
[Black "Lei, Tingjie"]
[Result "0-1"]
[WhiteElo "2254"]
[BlackElo "2531"]
[PlyCount "88"]
[EventDate "2018.01.23"]
[EventType "swiss"]
[EventRounds "10"]
[EventCountry "GGB"]
[SourceTitle "BritBase"]
[Source "www.saund.co.uk"]
[SourceDate "2018.02.10"]
[SourceVersion "1"]
[SourceVersionDate "2018.02.10"]
[SourceQuality "1"]

1. e4 e5 2. Nf3 Nc6 3. Bb5 a6 4. Ba4 d6 5. c3 g6 6. O-O Bg7 7. d4 Bd7 8. d5
Nce7 9. Bxd7+ Qxd7 10. c4 h6 11. Nc3 f5 12. Qe2 Nf6 13. Nd2 O-O 14. Re1 c6 15.
Rd1 cxd5 16. Nxd5 Nexd5 17. cxd5 Rfc8 18. exf5 gxf5 19. Nc4 Qc7 20. b3 b5 21.
Ne3 Qd7 22. h3 h5 23. Nc2 f4 24. Bb2 f3 25. gxf3 Qxh3 26. Rd3 Qf5 27. Ne3 Qg6+
28. Kh1 Kf7 29. Rg1 Qh7 30. Ba3 Bf8 31. Rdd1 h4 32. Rc1 Nh5 33. Rc6 Nf4 34. Qd1
Qd3 35. Qc1 Qe2 36. Rxc8 Qxf3+ 37. Rg2 Nxg2 38. Rc7+ Kf6 39. Nxg2 h3 40. Qf1
Be7 41. Kh2 hxg2 42. Qxg2 Rh8+ 43. Kg1 Qd1+ 44. Qf1 Rg8+ 0-1

[Event "Tradewise Gibraltar Masters 16th"]
[Site "Gibraltar"]
[Date "2018.01.25"]
[Round "3.67"]
[White "Gunina, Valentina"]
[Black "Bergstrom, Rolf"]
[Result "1-0"]
[WhiteElo "2502"]
[BlackElo "2276"]
[PlyCount "67"]
[EventDate "2018.01.23"]
[EventType "swiss"]
[EventRounds "10"]
[EventCountry "GGB"]
[SourceTitle "BritBase"]
[Source "www.saund.co.uk"]
[SourceDate "2018.02.10"]
[SourceVersion "1"]
[SourceVersionDate "2018.02.10"]
[SourceQuality "1"]

1. d4 Nf6 2. c4 e6 3. Nf3 Bb4+ 4. Bd2 Qe7 5. g3 Nc6 6. e3 Ne4 7. Bg2 Nxd2 8.
Nbxd2 e5 9. d5 Nb8 10. O-O a5 11. a3 Bxd2 12. Qxd2 d6 13. b4 Na6 14. e4 h5 15.
Nh4 g5 16. Nf5 Bxf5 17. exf5 Qf6 18. Rae1 Kf8 19. Qc3 Kg7 20. Re4 axb4 21. axb4
h4 22. c5 Rad8 23. c6 bxc6 24. dxc6 d5 25. Re2 e4 26. Qd2 Rhg8 27. f3 exf3 28.
Bxf3 hxg3 29. hxg3 Kf8 30. Bh5 g4 31. Bg6 Rh8 32. Qf4 Qxc6 33. Qe5 Rh3 34. Qe7+
1-0

[Event "Tradewise Gibraltar Masters 16th"]
[Site "Gibraltar"]
[Date "2018.01.25"]
[Round "3.68"]
[White "Christiansen, Johan-Sebastian"]
[Black "Meszaros, Andras"]
[Result "1-0"]
[WhiteElo "2492"]
[BlackElo "2258"]
[PlyCount "71"]
[EventDate "2018.01.23"]
[EventType "swiss"]
[EventRounds "10"]
[EventCountry "GGB"]
[SourceTitle "BritBase"]
[Source "www.saund.co.uk"]
[SourceDate "2018.02.10"]
[SourceVersion "1"]
[SourceVersionDate "2018.02.10"]
[SourceQuality "1"]

1. Nf3 d5 2. c4 c6 3. g3 Nf6 4. Bg2 Bg4 5. Ne5 Be6 6. O-O Nbd7 7. cxd5 Bxd5 8.
Nf3 c5 9. Nc3 Bc6 10. d3 e6 11. e4 Be7 12. Qe2 O-O 13. d4 cxd4 14. Nxd4 e5 15.
Nf5 Re8 16. Rd1 Bf8 17. Be3 Qa5 18. a3 Qa6 19. Qf3 Qc4 20. Rac1 Qb3 21. g4 g6
22. Ng3 h6 23. Qe2 a6 24. h4 Rad8 25. g5 hxg5 26. hxg5 Nh7 27. Nd5 Be7 28. Rd3
Qa2 29. Qd2 Rc8 30. Bh3 Bxd5 31. Rxc8 Rxc8 32. Rxd5 Qb1+ 33. Qd1 Qxb2 34. Rxd7
Nxg5 35. Bg4 Bf6 36. Rd2 1-0

[Event "Tradewise Gibraltar Masters 16th"]
[Site "Gibraltar"]
[Date "2018.01.25"]
[Round "3.69"]
[White "Oglaza, Oskar"]
[Black "Cuenca Jimenez, Jose Fernando"]
[Result "1-0"]
[WhiteElo "2245"]
[BlackElo "2489"]
[PlyCount "115"]
[EventDate "2018.01.23"]
[EventType "swiss"]
[EventRounds "10"]
[EventCountry "GGB"]
[SourceTitle "BritBase"]
[Source "www.saund.co.uk"]
[SourceDate "2018.02.10"]
[SourceVersion "1"]
[SourceVersionDate "2018.02.10"]
[SourceQuality "1"]

1. e4 e5 2. Nf3 Nc6 3. d4 exd4 4. Nxd4 Bb4+ 5. c3 Bc5 6. Be3 Bb6 7. Nf5 g6 8.
Bxb6 axb6 9. Ne3 Nf6 10. f3 O-O 11. c4 d5 12. cxd5 Nxe4 13. fxe4 Qh4+ 14. Kd2
Qxe4 15. Qc2 Qf4 16. Qc4 Nd4 17. Nc3 Re8 18. Re1 Qf2+ 19. Re2 Nxe2 20. Qxe2 Qf4
21. g3 Qb4 22. Qb5 Qe7 23. Qd3 b5 24. d6 cxd6 25. Qd4 Qe5 26. Qxe5 dxe5 27.
Bxb5 Rd8+ 28. Ke2 Be6 29. a4 Rac8 30. Ra1 f5 31. Rd1 Rd4 32. Nc2 Rxd1 33. Kxd1
Bb3 34. Kc1 Kf7 35. Ne1 Be6 36. Kd2 Kf6 37. b4 e4 38. Nc2 Ke5 39. a5 g5 40. Na4
Rd8+ 41. Kc3 f4 42. gxf4+ gxf4 43. Nc5 Bd5 44. Bf1 f3 45. b5 Rc8 46. Kb4 Kf4
47. b6 f2 48. Kb5 Rg8 49. Nb4 Ke5 50. Nxd5 Kxd5 51. Nxb7 Rf8 52. Bc4+ Kd4 53.
Nd6 Ke5 54. b7 f1=Q 55. Bxf1 Rxf1 56. Ka6 Rf8 57. Nc8 Rf6+ 58. Nb6 1-0

[Event "Tradewise Gibraltar Masters 16th"]
[Site "Gibraltar"]
[Date "2018.01.25"]
[Round "3.70"]
[White "Nandhidhaa, PV."]
[Black "Khotenashvili, Bela"]
[Result "1/2-1/2"]
[WhiteElo "2238"]
[BlackElo "2486"]
[PlyCount "59"]
[EventDate "2018.01.23"]
[EventType "swiss"]
[EventRounds "10"]
[EventCountry "GGB"]
[SourceTitle "BritBase"]
[Source "www.saund.co.uk"]
[SourceDate "2018.02.10"]
[SourceVersion "1"]
[SourceVersionDate "2018.02.10"]
[SourceQuality "1"]

1. e4 g6 2. d4 Bg7 3. Nc3 d6 4. Nf3 a6 5. a4 b6 6. Be3 Bb7 7. Bd3 Nd7 8. O-O e6
9. Qd2 h6 10. d5 exd5 11. exd5 Ne7 12. Rfe1 Nf6 13. Bc4 Kf8 14. Re2 Nf5 15.
Rae1 Nxe3 16. Rxe3 Ng4 17. R3e2 Ne5 18. Nxe5 Bxe5 19. f4 Bg7 20. Ne4 Qd7 21.
Bb3 Rd8 22. Ng3 h5 23. Ne4 h4 24. h3 Rh5 25. c4 c6 26. Ng5 Bf6 27. Ne4 Bg7 28.
Ng5 Bf6 29. Ne4 Bg7 30. Ng5 1/2-1/2

[Event "Tradewise Gibraltar Masters 16th"]
[Site "Gibraltar"]
[Date "2018.01.25"]
[Round "3.71"]
[White "Suarez Gomez, Julio"]
[Black "Plotkin, Victor"]
[Result "1/2-1/2"]
[WhiteElo "2486"]
[BlackElo "2242"]
[PlyCount "83"]
[EventDate "2018.01.23"]
[EventType "swiss"]
[EventRounds "10"]
[EventCountry "GGB"]
[SourceTitle "BritBase"]
[Source "www.saund.co.uk"]
[SourceDate "2018.02.10"]
[SourceVersion "1"]
[SourceVersionDate "2018.02.10"]
[SourceQuality "1"]

1. c4 Nf6 2. d4 e6 3. Nc3 Bb4 4. Qc2 c5 5. dxc5 Bxc5 6. Nf3 Nc6 7. a3 O-O 8. e3
a5 9. Be2 d5 10. cxd5 exd5 11. O-O Qe7 12. Rd1 Rd8 13. Nb5 Bg4 14. Nfd4 Bxe2
15. Qxe2 Nxd4 16. Nxd4 Ne4 17. Nf3 Qf6 18. Rb1 Rac8 19. Bd2 Bb6 20. Be1 Qc6 21.
Rd3 Qc2 22. Qxc2 Rxc2 23. Rb3 Rd6 24. Rd1 f6 25. Rb5 Rc5 26. Nd4 Rxb5 27. Nxb5
Rc6 28. Rxd5 Rc2 29. b4 axb4 30. axb4 Nxf2 31. Na3 Ra2 32. Nc4 Ba7 33. Rd8+ Kf7
34. Bxf2 Ra1+ 35. Be1 Rxe1+ 36. Kf2 Rc1 37. Rc8 Ke6 38. Rc7 b5 39. Rxa7 Rxc4
40. Rxg7 h5 41. Rh7 h4 42. g3 1/2-1/2